[Event "Arco op 44th"]
[Site "Arco"]
[Date "2022.10.11"]
[Round "4"]
[White "Meyer, Thomas4444"]
[Black "Fauth, Dietmar"]
[Result "0-1"]
[WhiteElo "1930"]
[BlackElo "2145"]
[PlyCount "116"]
[EventDate "2022.10.08"]
[EventType "swiss"]
[EventRounds "9"]
[EventCountry "ITA"]
[SourceTitle "CBM 210 Extra"]
[Source "ChessBase"]
[SourceDate "2022.11.30"]
[SourceVersion "1"]
[SourceVersionDate "2022.11.30"]
[SourceQuality "1"]

1. c4 e5 2. Nc3 Nf6 3. Nf3 Nc6 4. e4 Bc5 5. Nxe5 Nxe5 6. d4 Bb4 7. dxe5 Nxe4 8. Qf3 d5 9. Be2 Be6 10. 0-0 Bxc3 11. bxc3 0-0 12. Qe3 f5 13. cxd5 Qxd5 14. f3 Nc5 15. Rd1 Qc6 16. Ba3 b6 17. Bxc5 f4 18. Qf2 Qxc5 19. Qxc5 bxc5 20. Bb5 Rab8 21. c4 Rfd8 22. Kf2 Rd4 23. Rxd4 cxd4 24. Rd1 c5 25. Rd2 Kf7 26. g3 g5 27. g4 Ke7 28. Ke2 Bf7 29. Kd1 Rb6 30. h4 h6 31. hxg5 hxg5 32. e6 a6 33. Ba4 Bxe6 34. Re2 Kf6 35. Bb3 Rb4 36. Rh2 Bxc4 37. Bxc4 Rxc4 38. Rh6+ Ke5 39. Rxa6 Rc3 40. Rg6 Rxf3 41. Rxg5+ Ke4 42. Rxc5 Ra3 43. Rc2 d3 44. Rb2 Ke3 45. g5 Ra5 46. Rb8 Rxg5 47. Re8+ Kf2 48. Rd8 Ra5 49. Rxd3 Rxa2 50. Rb3 f3 51. Rb8 Ra4 52. Rd8 Kf1 53. Rd7 f2 54. Kd2 Rf4 55. Ke3 Rf8 56. Kd2 Kg2 57. Rg7+ Kh3 58. Rh7+ Kg4 0-1

[Event "Bundesliga 2122"]
[Site "Germany"]
[Date "2022.05.15"]
[Round "8.7"]
[White "Meier, Georg"]
[Black "Fauth, Dietmar"]
[Result "1-0"]
[WhiteElo "2631"]
[BlackElo "2188"]
[PlyCount "41"]
[EventDate "2022.03.05"]
[EventType "team-tourn"]
[EventRounds "15"]
[EventCountry "GER"]
[SourceTitle "EXT 2023"]
[Source "ChessBase"]
[SourceDate "2022.10.05"]
[SourceVersion "1"]
[SourceVersionDate "2022.10.05"]
[SourceQuality "1"]
[WhiteTeam "Baden-Baden"]
[BlackTeam "Augsburg"]
[WhiteTeamCountry "GER"]
[BlackTeamCountry "GER"]

1. Nf3 d5 2. g3 Nf6 3. Bg2 e6 4. c4 Be7 5. d4 0-0 6. Nc3 dxc4 7. Ne5 Nc6 8. Bxc6 bxc6 9. Nxc6 Qe8 10. Nxe7+ Qxe7 11. Qa4 c5 12. dxc5 Qxc5 13. Be3 Qh5 14. Qxc4 a5 15. Qh4 Qxh4 16. gxh4 Ng4 17. Bc5 Re8 18. Rg1 f5 19. f3 Nf6 20. Nb5 Rb8 21. Nc7 1-0

[Event "Bayern-chI Bank Hofmann 24th"]
[Site "Tegernsee"]
[Date "2021.11.02"]
[Round "4"]
[White "Beikert, Guenther"]
[Black "Fauth, Dietmar"]
[Result "1-0"]
[WhiteElo "2396"]
[BlackElo "2188"]
[PlyCount "49"]
[EventDate "2021.10.30"]
[EventType "swiss"]
[EventRounds "9"]
[EventCountry "GER"]
[SourceTitle "CBM 205 Extra"]
[Source "ChessBase"]
[SourceDate "2022.01.31"]
[SourceVersion "1"]
[SourceVersionDate "2022.01.31"]
[SourceQuality "1"]

1. e4 c5 2. Nf3 Nc6 3. Bb5 Nf6 4. Nc3 Qc7 5. 0-0 e6 6. Re1 Be7 7. e5 Nd5 8. d4 Nxc3 9. bxc3 cxd4 10. cxd4 a6 11. Bd3 d6 12. exd6 Qxd6 13. c3 0-0 14. Ng5 f5 15. Nf3 Bf6 16. Qb3 Be7 17. Ne5 b5 18. Nxc6 Qxc6 19. Bf4 Bd7 20. d5 Qb7 21. Rad1 Rad8 22. d6 Bh4 23. g3 g5 24. Be5 Kf7 25. Bxf5 1-0

[Event "Landesliga Sued 1920"]
[Site "Bayern"]
[Date "2019.12.08"]
[Round "4.5"]
[White "Fauth, Dietmar"]
[Black "Jacob, Tobias"]
[Result "1-0"]
[WhiteElo "2137"]
[BlackElo "2086"]
[PlyCount "69"]
[EventDate "2019.09.29"]
[EventType "team-tourn"]
[EventRounds "9"]
[EventCountry "GER"]
[SourceTitle "EXT 2021"]
[Source "ChessBase"]
[SourceDate "2020.10.23"]
[SourceVersion "1"]
[SourceVersionDate "2020.10.23"]
[SourceQuality "1"]
[WhiteTeam "Muenchen SC II"]
[BlackTeam "Unterhaching"]
[WhiteTeamCountry "GER"]
[BlackTeamCountry "GER"]

1. e4 c5 2. d4 cxd4 3. c3 d3 4. Bxd3 g6 5. Nf3 Nc6 6. c4 Bg7 7. 0-0 Nf6 8. Nc3 0-0 9. h3 d6 10. Be3 b6 11. Rc1 Bb7 12. b3 Rc8 13. Bb1 Nb8 14. Qd2 Re8 15. Bh6 Bh8 16. Bg5 Nbd7 17. Nd4 Qc7 18. Nd5 Qb8 19. f4 e6 20. Nxf6+ Nxf6 21. Rce1 d5 22. e5 Nd7 23. cxd5 Bxd5 24. Be4 f6 25. Bxd5 exd5 26. Nb5 Rc5 27. Nd6 fxg5 28. b4 Re6 29. bxc5 Nxc5 30. Qxd5 gxf4 31. Rxf4 Bg7 32. Rc4 Bxe5 33. Rxe5 Qxd6 34. Rxc5 bxc5 35. Qxe6+ 1-0

[Event "Arber op 8th"]
[Site "Bodenmais"]
[Date "2019.07.27"]
[Round "1"]
[White "Peglau, Charis"]
[Black "Fauth, Dietmar"]
[Result "0-1"]
[WhiteElo "1540"]
[BlackElo "2122"]
[PlyCount "70"]
[EventDate "2019.07.27"]
[EventType "swiss"]
[EventRounds "9"]
[EventCountry "GER"]
[SourceTitle "CBM 191 Extra"]
[Source "ChessBase"]
[SourceDate "2019.09.30"]
[SourceVersion "1"]
[SourceVersionDate "2019.09.30"]
[SourceQuality "1"]

1. e4 c5 2. Nf3 Nc6 3. d4 cxd4 4. Nxd4 e5 5. Nb5 d6 6. c4 Be7 7. Be3 Nf6 8. f3 Be6 9. Be2 0-0 10. 0-0 a6 11. N5c3 Nd7 12. Nd5 Bxd5 13. Qxd5 Nd4 14. Bxd4 exd4 15. Nd2 Qb6 16. Kh1 Qxb2 17. Rfd1 Nc5 18. Bf1 Rac8 19. Nb3 Bf6 20. Nxd4 Na4 21. Rab1 Qf2 22. Ne2 b6 23. Qxd6 Nb2 24. Rdc1 Nxc4 25. Qg3 Qxg3 26. Nxg3 b5 27. a4 Nd2 28. Rxc8 Rxc8 29. Rd1 Nxf1 30. Rxf1 bxa4 31. f4 Bb2 32. Nf5 Rc1 33. Rxc1 Bxc1 34. Ne7+ Kf8 35. Nd5 Bd2 0-1

[Event "Landesliga Sued 1819"]
[Site "Bayern"]
[Date "2019.04.07"]
[Round "9.4"]
[White "Fauth, Dietmar"]
[Black "Wagner, Hans2222"]
[Result "1/2-1/2"]
[WhiteElo "2084"]
[BlackElo "2109"]
[PlyCount "85"]
[EventDate "2018.10.21"]
[EventType "team-tourn"]
[EventRounds "9"]
[EventCountry "GER"]
[SourceTitle "EXT 2022"]
[Source "ChessBase"]
[SourceDate "2021.10.06"]
[SourceVersion "1"]
[SourceVersionDate "2021.10.06"]
[SourceQuality "1"]
[WhiteTeam "Muenchen SC II"]
[BlackTeam "Rottal Inn"]
[WhiteTeamCountry "GER"]
[BlackTeamCountry "GER"]

1. e4 c5 2. d4 cxd4 3. c3 Nf6 4. e5 Nd5 5. Nf3 e6 6. cxd4 b6 7. Nc3 Nxc3 8. bxc3 Qc7 9. Bd2 d6 10. Bd3 Nd7 11. 0-0 Bb7 12. Ng5 dxe5 13. Qh5 g6 14. Qh3 Be7 15. Rae1 Bc6 16. f4 e4 17. Bxe4 Bxe4 18. Rxe4 Qc6 19. Re2 Nf8 20. g4 Rd8 21. f5 gxf5 22. gxf5 Rg8 23. Rg2 Bxg5 24. Bxg5 Rd5 25. Qe3 h6 26. c4 Ra5 27. d5 Qc5 28. Qxc5 Rxc5 29. Bxh6 Rxg2+ 30. Kxg2 Nd7 31. fxe6 fxe6 32. dxe6 Ne5 33. Re1 Nxc4 34. h4 Ne5 35. Bg5 Rc2+ 36. Kg3 Rc3+ 37. Kg2 Nf3 38. Re2 Nxg5 39. hxg5 Rc5 40. Kf3 Rxg5 41. Kf4 Rc5 42. Re5 Rc1 43. Re3 1/2-1/2

[Event "Bayern-chI Bank Hofmann 22nd"]
[Site "Tegernsee"]
[Date "2018.10.28"]
[Round "2"]
[White "Hedke, Fred"]
[Black "Fauth, Dietmar"]
[Result "1/2-1/2"]
[WhiteElo "2274"]
[BlackElo "2082"]
[PlyCount "107"]
[EventDate "2018.10.27"]
[EventType "swiss"]
[EventRounds "9"]
[EventCountry "GER"]
[SourceTitle "CBM 187 Extra"]
[Source "ChessBase"]
[SourceDate "2018.11.04"]
[SourceVersion "1"]
[SourceVersionDate "2018.11.04"]
[SourceQuality "1"]

1. e4 c5 2. Nf3 Nc6 3. c3 Nf6 4. e5 Nd5 5. Bc4 e6 6. 0-0 d6 7. d4 cxd4 8. cxd4 Be7 9. Qe2 0-0 10. Nc3 Nxc3 11. bxc3 dxe5 12. dxe5 b6 13. Bd3 Qc7 14. Bf4 Bb7 15. Bg3 Rfd8 16. Rfd1 Rd7 17. Qc2 h6 18. h4 Rad8 19. Rd2 Na5 20. Rad1 Bxf3 21. gxf3 Nc4 22. Bh7+ Kh8 23. Rxd7 Rxd7 24. Rxd7 Qxd7 25. Bd3 b5 26. Qe2 Qd5 27. a4 a6 28. axb5 axb5 29. h5 Kg8 30. f4 Bd8 31. f5 Bc7 32. fxe6 fxe6 33. Be4 Qd7 34. f4 Ba5 35. Be1 Qf7 36. Qf3 Bb6+ 37. Kh1 Kh8 38. Bg6 Qd7 39. Bf2 Bd8 40. Bg3 Qd2 41. Bd3 Ne3 42. Bxb5 Qxc3 43. Qc6 Qxc6+ 44. Bxc6 Kg8 45. Be1 Be7 46. Kh2 Kf7 47. Be4 Nf5 48. Kh3 Bc5 49. Kg4 Ne3+ 50. Kf3 Nf5 51. Bc3 g6 52. hxg6+ Kxg6 53. Bc6 Nd4+ 54. Bxd4 1/2-1/2

[Event "Arber op 7th"]
[Site "Bodenmais"]
[Date "2018.08.02"]
[Round "6"]
[White "Sergeev, Vladimir"]
[Black "Fauth, Dietmar"]
[Result "1-0"]
[WhiteElo "2410"]
[BlackElo "2112"]
[PlyCount "87"]
[EventDate "2018.07.28"]
[EventType "swiss"]
[EventRounds "9"]
[EventCountry "GER"]
[SourceTitle "CBM 185 Extra"]
[Source "ChessBase"]
[SourceDate "2018.07.29"]
[SourceVersion "1"]
[SourceVersionDate "2018.07.29"]
[SourceQuality "1"]

1. c4 e5 2. g3 Nf6 3. Bg2 c6 4. d4 e4 5. Nc3 Bb4 6. Qb3 a5 7. Nh3 d5 8. cxd5 cxd5 9. Bg5 Nbd7 10. 0-0 h6 11. Bf4 g5 12. Be5 Bxc3 13. Qxc3 0-0 14. Bc7 Qe7 15. Bxa5 Re8 16. a3 Qe6 17. Bb4 Qg4 18. f3 Qh5 19. Nf2 b6 20. Rfe1 Ba6 21. b3 Rac8 22. Qb2 Qg6 23. Rac1 h5 24. a4 g4 25. Rxc8 Rxc8 26. fxe4 dxe4 27. Qb1 Re8 28. Ba3 h4 29. Bd6 Nd5 30. Nxe4 h3 31. Bh1 Bxe2 32. Rxe2 Nc3 33. Nf6+ Nxf6 34. Rxe8+ Nxe8 35. Qxg6+ fxg6 36. Be5 Kf7 37. Kf2 Nf6 38. Bxf6 Kxf6 39. Bc6 Ke7 40. Ke3 Kd6 41. Be4 g5 42. Kd3 Nd1 43. Kd2 Nf2 44. Ba8 1-0

[Event "Regionalliga Sued-West 1718"]
[Site "Bayern"]
[Date "2018.04.15"]
[Round "9.4"]
[White "Kraemer, Stefan"]
[Black "Fauth, Dietmar"]
[Result "0-1"]
[WhiteElo "2060"]
[BlackElo "2100"]
[PlyCount "50"]
[EventDate "2017.10.22"]
[EventType "team-tourn"]
[EventRounds "9"]
[EventCountry "GER"]
[SourceTitle "EXT 2022"]
[Source "ChessBase"]
[SourceDate "2021.10.06"]
[SourceVersion "1"]
[SourceVersionDate "2021.10.06"]
[SourceQuality "1"]
[WhiteTeam "Altstadt Roter Turm"]
[BlackTeam "Muenchen SC II"]
[WhiteTeamCountry "GER"]
[BlackTeamCountry "GER"]

1. e4 c5 2. Nf3 Nc6 3. Bb5 Nf6 4. Nc3 Qc7 5. 0-0 g6 6. Re1 Bg7 7. e5 Ng4 8. Bxc6 dxc6 9. Qe2 0-0 10. d3 Nh6 11. Ne4 b6 12. Bf4 Bg4 13. c3 Nf5 14. Ned2 Nh4 15. h3 Nxf3+ 16. Nxf3 Be6 17. Ng5 Qd7 18. Nxe6 Qxe6 19. b3 Rfd8 20. Qe4 Rd5 21. d4 cxd4 22. cxd4 Rad8 23. Be3 c5 24. Rad1 Bxe5 25. Qc2 Qd7 0-1